| 000 | 00925nam a2200241Ia 4500 | ||
|---|---|---|---|
| 008 | 130821s1958 xxua gr eng | ||
| 040 |
_aCo-BoUCM _bspa |
||
| 041 | 0 | 0 | _aeng |
| 100 | 1 |
_aHenderson, James Mitchell _9114366 |
|
| 245 | 1 | 0 |
_aMicroeconomic theory a matematical approach _cJames M. Henderson y Richard E. Quandt |
| 260 |
_aNueva York (Estados Unidos) _bMcGraw-hill _c1958 |
||
| 300 |
_axii, 291 páginas _bilustraciones, gráficas |
||
| 490 | 0 | _aEcomics Handbook Series / Seymour E. Harris | |
| 500 | _aDonación Dr. Álvaro Daza Roa. | ||
| 500 | _aIncluye referencias bibliográficas e índice. | ||
| 650 | 0 | 4 |
_aComportamiento del consumidor _911290 |
| 650 | 0 | 4 |
_aEconomía del bienestar _913680 |
| 650 | 0 | 4 |
_aEquilibrio (Economía) _914689 |
| 650 | 0 | 4 |
_aMicroeconomía _919488 |
| 700 | 1 |
_aQuandt, Richard E. _9114368 |
|
| 942 |
_cLIBRO _a7 _e1 _mH35m _2DEWEY _h338.5 |
||
| 999 |
_c71567 _d71567 |
||